Bhimrao Ramji Ambedkar yatra ke padchinh (Record no. 356529)

MARC details
000 -LEADER
fixed length control field 00455 a2200169 4500
005 - DATE & TIME
control field 20250606102008.0
008 - FIXED-LENGTH DATA ELEMENTS--GENERAL INFORMATION
fixed length control field 250603b |||||||| |||| 00| 0 eng d
020 ## - ISBN
International Standard Book Number 8123787189
Price Rs. 225.00
040 ## - CATALOGING SOURCE
Original cataloging agency VIVEKANANDA LIBRARY
082 ## - DDC NUMBER
Classification number B
Book Number A16A:B
100 ## - MAIN ENTRY--PERSONAL NAME
Personal name Agnihotri, Kuldeep Chand
245 ## - TITLE STATEMENT
Title Bhimrao Ramji Ambedkar yatra ke padchinh
260 ## - PUBLICATION, DISTRIBUTION, ETC. (IMPRINT)
Name of publisher, distributor, etc National Book Trust
Date of publication, distribution, etc 2021
Place of publication, distribution, etc New Delhi
300 ## - PHYSICAL DESCRIPTION
Pages 200
650 ## - Subject
Subject Biograph-Ambedkar, B R
942 ## - ADDED ENTRY ELEMENTS (KOHA)
Koha item type Books
Holdings
Withdrawn status Lost status Source of classification or shelving scheme Damaged status Not for loan Location (home branch) Sublocation or collection (holding branch) Shelving location Date acquired Koha issues (times borrowed) Koha full call number Accession No. Koha date last seen Koha item type
    Dewey Decimal Classification     VIVEKANANDA LIBRARY VIVEKANANDA LIBRARY Vivekananda Library 12/11/2024   B A16A:B 436290 12/11/2024 Books
© Designed and Maintained by Vivekananda Library, MDU Rohtak